[Event "Sarajevo"]
[Site "Sarajevo"]
[Date "1980.03.24"]
[Round "8"]
[White "Uhlmann, Wolfgang"]
[Black "Marjanovic, Slavoljub"]
[Result "0-1"]
[WhiteElo "2510"]
[BlackElo "2505"]
[Annotator "Marjanovic,S"]
[PlyCount "74"]
[EventDate "1980.03.16"]
[EventType "tourn"]
[EventRounds "15"]
[EventCountry "YUG"]
[EventCategory "8"]
[SourceTitle "EXT 2002"]
[Source "ChessBase"]
[SourceDate "2001.11.25"]
[SourceVersion "1"]
[SourceVersionDate "2001.11.25"]
[SourceQuality "1"]

{Inf.29/434} 1. c4 e6 2. Nc3 c5 3. Nf3 Nc6 4. g3 d5 5. cxd5 exd5 6. d4 Nf6 7.
Bg2 Be7 8. O-O O-O 9. b3 Ne4 10. Bb2 Bf6 11. Na4 Re8 12. Rc1 cxd4 13. Nxd4 Bxd4
(13... Bd7 {- Inf.25/572}) 14. Bxd4 Bf5 15. e3 Qe7 16. Re1 (16. Bb2) 16... h6
17. f3 Ng5 18. Qd2 (18. Bc5 Qf6 19. Qxd5 $2 Rad8 20. Qc4 Ne5) 18... Rad8 19.
Nc5 b6 20. Nd3 Nxd4 21. exd4 Qa3 $13 (21... Qf6 22. Ne5) 22. Ne5 Rc8 23. g4 Bh7
$8 24. Rc3 Ne6 $2 (24... Rxc3 $1 25. Qxc3 Qxa2 26. h4 (26. Qc6 Rd8 $5 27. Nxf7
$140 Qd2 $1 28. Re8+ Kxf7 29. Rxd8 Qe3+ 30. Kf1 Bd3#) (26. Ra1 Qc2 27. Qxc2
Bxc2 28. b4) 26... Ne6 27. Qc6 Rf8 28. Nxf7 (28. Nd7 Nf4 29. Bf1 Bd3 $1) 28...
Nf4 $40 {>>}) 25. Nc6 Rc7 {[/\ Qd6, Rec8]} 26. b4 $1 Qa4 (26... Qa6 27. f4) 27.
Rec1 g5 28. Bf1 $16 Nf4 (28... a5 29. b5) (28... b5 29. Qb2 Qa6 30. a4) 29. b5
Kg7 30. Qb2 Rxc6 $8 31. bxc6 (31. Rxc6 Re3) 31... Qxd4+ 32. Qf2 Qa4 33. c7 Rc8
34. Rc6 (34. Qe3) 34... Bd3 $1 35. Qb2+ d4 36. Rd6 $2 (36. R1c4 Qd1 $1 (36...
Bxc4 37. Qxd4+ Kh7 38. Qxc4 $1 Qxc4 39. Bxc4) 37. Qxd4+ Kh7 38. Qxd3+ (38. Rc1
Ne2+) 38... Nxd3 39. Rd6 Qxf3) (36. R6c4 Bxc4 37. Qxd4+ Kh7 38. Qxc4 (38. Bxc4
$4 Ne2+ $19) (38. Rxc4 Qe8) 38... Qe8 {/\ 39...Ne6, 39...Qe3+}) (36. Qb3 Qa6
37. Qb4 Bxf1 38. Qxd4+ Kg8 $1 39. Qd8+ Kh7 40. Qf6 (40. Rxf1 $2 Qe2) 40... Nh3+
41. Kh1 Nf2+ $11) 36... Bxf1 37. Kxf1 $2 (37. Rxd4 Ne2+ 38. Qxe2 Qxd4+ 39. Kxf1
Qd6) 37... Rxc7 $1 $138 (37... Rxc7 38. Rxc7 (38. Re1 Nd3 39. Qe2 Qb4 $1) (38.
Rb1 Rc3 $1 $40) 38... Qd1+ 39. Kf2 Nd3+ $19) 0-1

[Event "Israel"]
[Site "Israel"]
[Date "1998.08.29"]
[Round "?"]
[White "Mikhalevski, Victor"]
[Black "Shmuter, Leonid"]
[Result "0-1"]
[WhiteElo "2540"]
[BlackElo "2485"]
[Annotator "Mikhalevski,V"]
[PlyCount "116"]
[EventDate "1998.08.28"]
[EventType "swiss"]
[EventRounds "9"]
[EventCountry "ISR"]
[SourceTitle "CBM 066"]
[Source "ChessBase"]
[SourceDate "1998.09.30"]
[SourceVersion "1"]
[SourceVersionDate "1998.09.30"]
[SourceQuality "1"]

1. d4 d5 2. c4 e6 3. Nf3 Nf6 4. g3 c5 5. cxd5 exd5 6. Bg2 Be7 7. O-O Nc6 8. Nc3
O-O 9. b3 Bg4 10. Bb2 Re8 11. dxc5 Bxc5 12. Rc1 Rc8 (12... Bf8 13. h3 Bh5 14.
e3 Bg6 15. Nh4 Be4 16. Nxe4 dxe4 17. Qxd8 Raxd8 18. Bxf6 gxf6 19. Rfd1 Ba3 20.
Rb1 Nb4 21. Rxd8 Rxd8 22. Bxe4 b6 23. Nf3 $16 {1-0 Tyomkin,D-Gershkowitz,D/
Ramat Hanegev (weekend) 1998 (40)}) 13. h3 (13. Na4 Bf8 (13... Bb4 14. a3 Bf8
15. b4 Ne4 16. Nc3 Nxc3 17. Rxc3 Qb6 18. Rd3 a5 19. Rxd5 axb4 20. a4 Be6 21.
Rb5 Qa7 22. Ng5 h6 23. Nxe6 Rxe6 24. Bd5 Ree8 25. Bxf7+ $1 Kxf7 26. Qd5+ Ke7
27. Bd4 $3 Nxd4 28. Rxb7+ {1-0 Poley,V-Baturin,M/Randers 1996}) 14. h3 (14. e3
Ne4 15. h3 Bh5 16. Nc3 Ne5 17. g4 Nxf3+ 18. Bxf3 Bg6 19. Qxd5 Qxd5 20. Nxd5 Nd2
$17 {0-1 Larsen,B-Ivanovic,B/Bugojno 1984 (27)}) 14... Bf5 15. Nd4 (15. e3 Nb4
16. Rxc8 Bxc8 17. a3 Nc6 18. b4 $14 {Doda,Z-Veselsky,J/Tirnavia-B 1983/1/2-1/2
(65)}) 15... Be4 16. Nxc6 bxc6 17. Bd4 Ba3 $13 {0-1 Berg,K-Timman,J/Lugano op
1986 (42)}) (13. Nxd5 Bxf2+ 14. Rxf2 Nxd5 15. Ne5 Ne3 (15... Nxe5 16. Rxc8 Bxc8
17. Qxd5 Qc7 18. Rf4 Nc6 19. Qg5 Ne5 20. Rc4 Qb6+ 21. Bd4 f6 22. Qxe5 fxe5 23.
Bxb6 axb6 24. Kf2 h5 25. Ke3 Bg4 26. Bxb7 Rd8 27. Rb4 Rd6 28. Bf3 Bxf3 29. Kxf3
Kf7 30. a4 Kf6 31. Ke4 Rd2 32. Rxb6+ Kg5 33. Ke3 {1-0 Chekhov,V-Savchenko,S/
Moscow Tal 1992}) 16. Qxd8 Nxd8 17. Nxg4 Rxc1+ 18. Bxc1 Nxg4 19. Rf1 Nc6 20.
Rd1 h5 (20... Rd8 21. Rxd8+ Nxd8 $14 {1-0 Petrosian,A-Panchenko,A/URS-chYM
1978 (46)}) 21. Bf3 Nge5 22. Kf2 Nxf3 23. exf3 f6 24. Be3 {1/2-1/2 Akopian,
V-Dreev,A/URS-YM 1989}) 13... Be6 (13... Bh5 14. Na4 Be7 15. Nc5 Qb6 16. Bxf6
Bxc5 17. Qxd5 Nb4 18. Qg5 Bg6 19. Ba1 Nxa2 20. Rc4 h6 21. Qd2 Nb4 22. Ne5 $14 {
0-1 Vucic,M-Micic,C/Belgrade GMA 1988 (40)}) (13... Bxf3 14. Bxf3 Bd4 15. Ba3 (
15. e3 Be5 16. Bg2 Ne4 17. Ba1 Qa5 18. Nxe4 dxe4 19. Bxe4 Bxa1 20. Bxc6 Red8
21. Bxb7 Rxd1 22. Rxc8+ Rd8 23. Rxd8+ Qxd8 24. Rc1 Bc3 25. Rxc3 Qd1+ 26. Kg2
$16 {1-0 Taimanov,M-Geller,E/URS-ch44 1976 (47)}) 15... Ne4 16. Nxe4 dxe4 17.
Bg4 Rb8 18. e3 Bb6 19. Bd7 Ne5 20. Bxe8 Qxe8 21. Qd5 $18 {1-0 Neidhardt,
C-Szitas,G/FRA-chT 1991 (30)}) 14. Na4 $1 $146 (14. Ng5 Qe7 15. Nxe6 fxe6 16.
e4 d4 17. e5 Nxe5 18. Na4 b6 19. Bxd4 Red8 20. Nxc5 bxc5 21. Rxc5 Qxc5 $1 22.
Bxc5 Rxd1 23. Rxd1 Rxc5 $19 {0-1 Tomaszewski,R-Maciejewski,M/Dreszer mem 1988 
(36)}) (14. e3 Qe7 15. Ng5 Red8 16. Nxe6 fxe6 17. Qd3 a6 18. Kh2 Ba3 19. Bxa3
Qxa3 20. Rfd1 Rc7 21. Qe2 Qe7 22. Qb2 Rdc8 23. Ne2 Nb4 24. Rxc7 Rxc7 25. Rd2
Rc5 26. a3 Nc6 27. Nf4 $14 {1-0 Poluljahov,A-Savon,V/Volgograd 1994 (47)})
14... Bf8 15. Nc5 Qb6 (15... Qa5 16. Nxe6 fxe6 17. a3 $1) 16. Nxe6 fxe6 17. Ng5
$3 $16 {[%cal Gd1d3,Ge2e4,Gb2f6] /\Qd3;e4;B:f6/\N:d5.Suddenly White gets clear
better position as the next Black's move is almost binding.} h6 $8 18. Bxf6
gxf6 19. Nxe6 $1 {The point of 17-th move.White reach much better position by
force.} Rxe6 20. Bxd5 Rce8 21. e3 $1 {[%cal Gd1g4] Covering square "d4" and
preparing Qg4 or Qh5} Ne5 22. f4 $5 (22. Qh5 $142 $5 {[%cal Gh5e8]} Rd8 23.
Rfd1 $16) 22... Qxe3+ 23. Kg2 Nf7 $1 {[]} 24. Qg4+ Kh8 25. Bxe6 Qxe6 $6 (25...
Rxe6 $142 26. Rc8 Re8 27. Rxe8 Qxe8 28. Rc1 $14) 26. Qxe6 Rxe6 27. Rc7 Nd6 28.
Kf3 Kg8 29. Rd1 Re7 30. Rc5 $1 Re6 31. g4 Kf7 32. Rcd5 $1 {[%cal Gf4f5] /\f5}
Nc8 (32... Ne8 $143) 33. Rd7+ Re7 34. a4 (34. Rd8 $142 $1 Nb6 (34... Re8 35.
R1d7+ Re7 36. Rxe7+ Nxe7 37. Rd7 $16) 35. a4 $1 $16 {[%cal Ga4a5]} a5 $140 36.
R1d6 {><b6}) 34... a5 $1 {[%cal Gc8a7,Ga7c6] /\Nc8-a7-c6} 35. Rd8 (35. R1d5 $5
b6 36. Rd8 Rc7 (36... Na7 37. Rb8 $1) 37. R5d7+ Rxd7 38. Rxd7+ $14) 35... Na7
36. R1d7 Nc6 37. Rxe7+ Kxe7 38. Rd5 $1 Ke6 39. Ke4 {[%cal Gd5b5] /\Rb5} b6 $8
40. f5+ Kf7 (40... Ke7 $2 41. Rb5) 41. Rd7+ Ke8 (41... Be7 $2 42. Rb7) 42. Rb7
Bc5 43. Kd5 Nd8 44. Rc7 (44. Rh7 $6 Nf7 $1 {><h7} 45. g5 $1 Nxg5 $1 (45... fxg5
$6 46. Ke6 Nd8+ 47. Kf6) 46. Rxh6 Kf7 47. h4 Nf3 48. Rh7+ Kg8 49. Rd7 $140 (49.
Rh6 $11) 49... Nd4 $1 (49... Nxh4 50. Ke6)) 44... Bf2 $1 {It's still not so
clear how to win,but obviously not as I did in the game.} 45. Rh7 $6 Nf7 46.
Rg7 $2 (46. g5 $1 {[]} Nxg5 (46... fxg5 $2 47. Ke6 Nd8+ 48. Kf6 {[%csl Gf5]})
47. Rxh6 Kf7 $15 48. h4 $140 Nf3 49. h5 Nh4 {[%cal Gf7g7]}) 46... Kf8 47. Rg6
Bh4 48. Kc6 $2 {Final mistake.Now black is winning.} (48. Ke6 {was necessary}
Bg5 49. Rxf6 Bxf6 50. Kxf6 $13 {and I am not sure if Black can win.}) 48...
Ne5+ 49. Kxb6 Nxg6 50. fxg6 Be1 51. h4 Bxh4 52. Kxa5 f5 $1 53. gxf5 Bf2 {
and White can't stop"h" pawn} 54. Kb5 h5 {just in time} 55. Kc6 h4 56. f6 h3
57. Kd7 h2 58. Ke6 (58. g7+ Kf7 59. g8=Q+ Kxg8 60. Ke8 Bc5 $19) 58... h1=Q 0-1

[Event "RUS-ch"]
[Site "Elista"]
[Date "1994.??.??"]
[Round "7"]
[White "Ulybin, Mikhail"]
[Black "Balashov, Yuri S"]
[Result "1-0"]
[WhiteElo "2510"]
[BlackElo "2505"]
[Annotator "Moiseev,V"]
[PlyCount "123"]
[EventDate "1994.09.??"]
[EventType "swiss"]
[EventRounds "11"]
[EventCountry "RUS"]
[SourceTitle "CBM 044"]
[Source "ChessBase"]
[SourceDate "1995.02.01"]
[SourceVersion "1"]
[SourceVersionDate "1995.02.01"]
[SourceQuality "1"]

1. d4 Nf6 2. c4 e6 3. g3 d5 4. Bg2 Be7 5. Nf3 O-O 6. O-O c5 7. cxd5 exd5 8. Nc3
Nc6 9. dxc5 Bxc5 10. Bg5 d4 11. Bxf6 Qxf6 12. Nd5 Qd8 13. Nd2 Re8 14. Re1 Bg4 (
14... a6) 15. Nb3 (15. Rc1) 15... Bb6 (15... Bf8 $5) 16. Rc1 (16. Nxb6 axb6 $5
$13) 16... Qd7 $146 (16... Qd6 $5) (16... Ba5 $5 17. Nxa5 Qxa5 18. b4 Nxb4 19.
Qd2 Nc6 20. Qxa5 Nxa5 21. Nc7 d3 $1 22. Nxe8 d2 23. Nd6 Be6 24. Red1 dxc1=Q 25.
Rxc1 Rb8 26. f4 g6 27. a3 b5 $10 {Sobek,J-Orsag,M/Czech/1994/0,5/55/}) 17. Qd2
(17. Rc4 $6 d3 $1) (17. Nc5 $6 Bxc5 18. Rxc5 Qd6 $10 (18... Re5 $5 19. Nb6 axb6
20. Bxc6 Qe7 21. Rxe5 (21. Bxb7 $6 bxc5 22. Bxa8 Bxe2 $15) 21... Qxe5 22. Bxb7
Rxa2 23. Qb3 Qa5 $1 $10)) 17... Rad8 $2 (17... Be6 18. Nc5 $14) (17... Re5 $5
18. Nf4 (18. Nxb6 axb6 19. Bxc6 bxc6 20. Qxd4 (20. Nxd4 $4 Rd5 $19) 20... Qxd4
21. Nxd4 c5 22. Nf3 Re4 23. a3 (23. Rcd1 h6) 23... Rae8 24. Kf1 Bh3+ $10) 18...
Rae8 19. h3 Bf5 20. Nd3 Bxd3 21. Qxd3 $13) 18. Rc4 $1 $16 Ne5 (18... Be6 19.
Nxb6 axb6 20. Bxc6 bxc6 21. Rxd4 $16) (18... Qe6 19. Nxb6 axb6 20. Bxc6 Qxc4
21. Bxe8 Rxe8 22. Qxd4 $16) 19. Nxb6 axb6 (19... Nxc4 20. Nxc4 $16) 20. Rxd4
Qe7 21. Rxd8 Rxd8 22. Qe3 Qf6 23. Nd2 Nc6 24. b3 Nd4 (24... Qb2 25. Nc4 $16)
25. Ne4 Qe7 26. Nc3 $1 Qxe3 27. fxe3 Nc2 28. Rc1 Nxe3 29. Bxb7 Be6 30. Kf2 Ng4+
31. Kg2 Rb8 32. Bf3 Rc8 33. Bxg4 Bxg4 34. Rd1 $1 Kf8 35. Rd3 b5 36. b4 Be6 $6 (
36... Ra8 $5) 37. a3 Ra8 38. Nd1 (38. Nxb5 $4 Bc4 39. Nc7 Bxd3 40. Nxa8 Be4+
$19) 38... Bc4 39. Re3 f6 40. Kf2 Kf7 41. Rc3 Ra7 42. Nb2 Bd5 43. Nd3 Ke7 44.
Nc5 h5 45. e4 Bf7 46. Ke3 g5 (46... Ra8 47. Nb7 $1 Kd7 (47... Bc4 48. Na5 $18)
48. Kd4 $18) 47. Kd4 $18 Ra8 48. Nb7 $1 Kd7 49. e5 fxe5+ (49... f5 50. Nd6 $18)
50. Kxe5 g4 51. Nd6 Ba2 52. Nxb5 Re8+ 53. Kf4 Re2 54. Rd3+ Kc8 (54... Ke7 55.
Re3+ $18) 55. Nd4 Rxh2 56. Rc3+ Kb7 57. Rc2 $1 Rxc2 58. Nxc2 Kc6 59. Kg5 Bf7
60. Ne3 Kb5 61. Nf5 Ka4 62. Nd6 (62. Nd6 Be6 63. Kxh5 Kxa3 64. b5 $18) 1-0

[Event "Biel MTO op 42nd"]
[Site "Biel"]
[Date "2009.07.23"]
[Round "4"]
[White "Pelletier, Yannick"]
[Black "Meins, Gerlef"]
[Result "1-0"]
[WhiteElo "2574"]
[BlackElo "2488"]
[Annotator "Pelletier,Y"]
[PlyCount "63"]
[EventDate "2009.07.20"]
[EventType "swiss"]
[EventRounds "11"]
[EventCountry "SUI"]
[SourceTitle "CBM 134"]
[Source "ChessBase"]
[SourceDate "2010.01.18"]
[SourceVersion "1"]
[SourceVersionDate "2010.01.18"]
[SourceQuality "1"]

1. d4 d5 2. c4 e6 3. Nf3 c5 4. cxd5 exd5 5. g3 Nc6 6. Bg2 Nf6 7. O-O Be7 8. Nc3
O-O 9. Bg5 cxd4 10. Nxd4 h6 11. Bf4 Qb6 12. Nb3 ({Mein Gegner überraschte mich
mit der Tarrasch Verteidigung, wobei ich meinerseits versuchte, ihn mit meinem
11. Zug zu überraschen. Ich glaube, wir waren hier beide am Ende unserer
Kenntnisse!} 12. Be3 {wird von der Theorie empfohlen.}) 12... Rd8 ({Auf} 12...
d4 {wollte ich einen Bauern gewinnen. Nach} 13. Na4 Qb4 (13... Qb5 14. Nxd4
Nxd4 15. Qxd4 Rd8 16. Qe5 $16) 14. Bxc6 bxc6 15. Qxd4 {besitzt Schwarz jedoch
einige Kompensation auf den weißen Feldern.}) 13. Rc1 d4 $146 14. Na4 Qa6 (
14... Qb5 15. Nac5 Bg4 16. Nxb7 $1 $16) 15. Nac5 Bxc5 ({Ich hatte eher} 15...
Qb6 {erwartet, wobei die Stellung nach} 16. Qd3 Nd5 17. Bd2 Ndb4 {etwa im
Gleichgewicht bleiben sollte. Den Bauern a2 ist riskant.}) 16. Nxc5 Qxa2 17.
Qd2 $1 {Bereitet das spätere Opfer auf h6.} Nd5 18. Ra1 ({Genauer als} 18. Bxh6
gxh6 19. Qxh6 Nce7 20. Rfd1 Bf5 $13) 18... Qc4 19. Rfc1 Qb5 ({Im Endspiel nach
} 19... Qb4 20. Bxh6 Qxd2 (20... gxh6 21. Qxh6 $40) 21. Bxd2 Rb8 22. Bf3 {
sind die weißen Chancen dank des Läuferpaars vorzuziehen.}) 20. Bxh6 $1 gxh6
21. Qxh6 Nce7 (21... f5 22. Nd3 $1 Nce7 23. Ne5 Qe8 24. Ra5 $1 $16) 22. Bxd5 {
Dies erklärt meine Anmerkung zum 18. Zug - die Qa2 kann auf d5 nicht
zurückschlagen.} Rxd5 23. Ne4 Rf5 24. Nf6+ $6 ({Die richtige Fortsetzung des
Agriffs war hier} 24. g4 $1 {, aber ich übersah nach} Qxe2 25. gxf5 Qxe4 {
das einfache Zwischenschach} 26. Qg5+ {, wonach Schwarz hilflos bleibt:} Kh7
27. Re1 Qxf5 28. Qh4+ Kg8 29. Rxe7 $16) 24... Rxf6 25. Qxf6 Nc6 26. Qd6 $1 (26.
b4 {war meine erste Absicht, leider kommt darauf} Qf5 $1 27. Qxf5 Bxf5 28. b5
Nd8 $13) 26... Qxb2 ({Der weiße Angriff bleibt sehr gefährlich, wie die
Alternativen zeigen:} 26... Bf5 27. Rc5 Qxb2 28. Rxf5 Qxa1+ 29. Kg2 Qc1 30. e3
Ne5 31. Qxe5 Qc6+ 32. e4 $18) (26... Qxe2 27. Re1 Qf3 28. Re8+ Kh7 29. Qf8 Bh3
30. Qh8+ Kg6 31. Rg8+ Rxg8 32. Qxg8+ Kf6 33. Qh8+ $16 {[%cal Gh8h3]}) ({
Am besten war vielleicht} 26... Qg5 $5 27. Rc5 Qg6 28. Qf4 f6 (28... Kf8 29. b4
$16) 29. b4 d3 ({nicht aber} 29... Nxb4 30. Rxa7 $1 Rxa7 31. Rxc8+ {gefolgt
von 32.Qxd4}) 30. exd3 Ne5 {, da die schwarzen Figuren eine gewisse Aktivität
entfalten können.}) 27. Rab1 Qd2 ({Weiß gewinnt im Fall von} 27... Qxe2 28. Rc5
Ne7 29. Re5 Qc2 30. Rbe1 Ng6 31. Re8+ Kh7 32. Qd5 Kg7 33. Qxd4+ Kh7 34. h4) 28.
Rc5 ({Ich nahm von} 28. Rxc6 {Abschied wegen} Bf5 29. Rcc1 Bxb1 30. Rxb1 Qxe2 {
, aber Weiß bleibt nach} 31. Qxd4 $40 {am Steuer.}) 28... Be6 29. Rxb7 (29.
Rbb5 {geht wegen} Rd8 30. Rg5+ Kh7 {nicht gut:} 31. Qc5 (31. Rh5+ $2 Kg6 32.
Qc5 f6 $19) 31... Rg8 $13) 29... Bh3 $2 $138 (29... Na5 $2 {hätte auch
verloren, man sehe:} 30. Rbb5 Nc4 31. Rg5+ Kh7 32. Rh5+ Kg6 33. Rbg5+ Kf6 (
33... Qxg5 34. Rxg5+ Kxg5 35. Qf4+ $18 {[%csl Ra8]}) 34. Rf5+ $1 Kg7 35. Rhg5+
Kh6 36. Qe7 $1 Qd1+ (36... Bxf5 37. Qf6+ Bg6 38. Rh5+ $1) 37. Kg2 Ne3+ 38. Kf3
$1 Qh1+ 39. Kf4 $18) ({Auf das hartnäckigere} 29... d3 $1 {hatte ich} 30. Rbb5
(30. e3 Qd1+ 31. Kg2 Qg4 32. Rxc6 Qh5 $1 $132) 30... Rd8 31. Rg5+ Kh8 32. Rh5+
Kg7 33. Rbg5+ Kf6 34. Qc5 {geplant. Schwarz verfügt noch über die
überraschende Ressource} Rg8 $1 {, aber Weiß sollte nach} 35. e3 Qc2 36. Rh6+
Rg6 37. Rhxg6+ fxg6 38. Qf8+ $1 Bf7 39. Rc5 Qb1+ 40. Kg2 Qb7 41. Qd6+ Kg7 42.
e4 {die Oberhand behalten.}) 30. Rb1 Re8 31. Qf6 Re6 ({Führt zum Matt, während
} 31... Ne7 32. Rh5 Ng6 33. Rxh3 $18 {Material kostet.}) 32. Rb8+ 1-0

[Event "Olympiad-23"]
[Site "Buenos Aires"]
[Date "1978.11.08"]
[Round "13"]
[White "Polugaevsky, Lev"]
[Black "Day, Lawrence A"]
[Result "1-0"]
[WhiteElo "2620"]
[BlackElo "2350"]
[Annotator "Polugaevsky,L"]
[PlyCount "79"]
[EventDate "1978.10.25"]
[EventType "team-swiss"]
[EventRounds "14"]
[EventCountry "ARG"]
[SourceTitle "EXT 2000"]
[Source "ChessBase"]
[SourceDate "1999.11.16"]
[SourceVersion "1"]
[SourceVersionDate "1999.11.16"]
[SourceQuality "1"]
[WhiteTeam "Soviet Union"]
[BlackTeam "Canada"]
[WhiteTeamCountry "URS"]
[BlackTeamCountry "CAN"]

1. c4 e6 2. g3 d5 3. Bg2 c5 4. Nf3 Nc6 5. cxd5 exd5 6. d4 Nf6 7. O-O Be7 8. Nc3
O-O 9. Bg5 c4 10. Ne5 Be6 11. Nxc6 bxc6 12. b3 $1 Qa5 13. Na4 Rfd8 14. e3 $1
$14 c5 15. Bxf6 gxf6 16. dxc5 Bxc5 17. Qh5 Bf8 $2 (17... Rac8) 18. e4 $1 $16
Rab8 (18... Bb4 19. exd5 Bxd5 20. Qg4+ Kh8 21. Bxd5 Qxd5 22. bxc4 Qd4 23. Qf3
$16) 19. exd5 Bd7 (19... Bxd5 20. Rad1 $18) 20. Nb2 $1 cxb3 21. axb3 Qb6 (21...
Qc3 22. Rxa7 $1 Qxb2 23. Rxd7 Rxd7 24. Qg4+ $18) 22. Nc4 Qxb3 23. Be4 $1 h6 (
23... f5 24. Ne5 $1 fxe4 25. Qxf7+ Kh8 26. Nxd7 Qb7 (26... Ra8 27. Rxa7 Rxa7
28. Qf6+ $18) 27. Ne5 {/\ Rxa7+-}) 24. Ne3 Qb4 25. Bf5 Bxf5 26. Nxf5 Rb7 27.
Rad1 Kh7 28. Rd4 Qc5 29. Rfd1 Rdd7 30. Kg2 a5 31. Qh4 Rb6 32. Qe4 (32. Nxh6 $1
$18) 32... Kh8 (32... Kg8 33. Nxh6+ $18) 33. Nxh6 $1 $18 Rb4 (33... Bxh6 34.
Qe8+) 34. Nf5 Rd8 35. Rxb4 axb4 36. Rd4 Bg7 37. Qg4 Qf8 38. Qh5+ Kg8 39. Rh4
Qc5 40. Qh7+ 1-0

[Event "Sautron op 14th"]
[Site "Sautron"]
[Date "2014.10.25"]
[Round "6"]
[White "Ider, Borya"]
[Black "Dumitrache, Dragos Nicolae"]
[Result "0-1"]
[WhiteElo "2394"]
[BlackElo "2413"]
[Annotator "RR"]
[PlyCount "70"]
[EventDate "2014.10.26"]
[EventType "swiss"]
[EventRounds "9"]
[EventCountry "FRA"]
[SourceTitle "EXT 2015"]
[Source "ChessBase"]
[SourceDate "2014.11.20"]
[SourceVersion "1"]
[SourceVersionDate "2014.11.20"]
[SourceQuality "1"]
[TimeControl "40/5400+30:1800+30"]
[WhiteClock "0:20:57"]
[BlackClock "0:27:21"]

1. d4 {[%emt 0:00:00]} Nf6 {[%emt 0:03:58]} 2. c4 {[%emt 0:03:03]} e6 {[%emt 0:
00:22]} 3. g3 {[%emt 0:00:05]} c5 {[%emt 0:02:17]} 4. Nf3 {[%emt 0:01:28]} d5 {
[%emt 0:00:16]} 5. Bg2 {[%emt 0:00:05]} Nc6 {[%emt 0:00:04]} 6. O-O {[%emt 0:
00:06]} Be7 {[%emt 0:00:05]} 7. cxd5 {[%emt 0:00:28]} (7. Nc3 dxc4 {Aurait
continué de jouer une Catalane mais les Blancs choisissent de transposer dans
une Tarrasch} 8. Qa4 cxd4 9. Nxd4 Qxd4 10. Bxc6+) 7... exd5 {[%emt 0:00:03]} (
7... Nxd5 8. dxc5 Bxc5 9. a3 {[%cal Gb2b4]} (9. Qc2 $14 {[%cal Gc2c5,Gf1d1,
Ge2e4]})) 8. Nc3 {[%emt 0:00:17]} O-O {[%emt 0:00:06]} 9. Bg5 {[%emt 0:09:49]
Après quelques minutes, les Blancs optent pour la ligne principale} (9. dxc5)
(9. b3) 9... cxd4 {[%emt 0:05:49]} 10. Nxd4 {[%emt 0:01:50]} h6 {[%emt 0:00:35]
} 11. Bxf6 $6 {[%emt 0:02:29] Les Noirs n'ont pas de problèmes après cet
échange} (11. Be3 $142) 11... Bxf6 {[%emt 0:00:13]} 12. Nxc6 {[%emt 0:00:11]}
bxc6 $11 {[%emt 0:00:05]} 13. Rc1 {[%emt 0:00:05]} Re8 {[%emt 0:00:59]} (13...
Rb8 14. b3) 14. Na4 {[%emt 0:05:48]} Ba6 $1 {[%emt 0:01:59][%csl Re2]} 15. Re1
{[%emt 0:01:05]} Qa5 $146 {[%emt 0:00:30]} (15... Bb5 16. Nc3 Ba6 17. e3 Qa5
18. Qc2 Rab8 19. b3 Be7 20. Red1 Ba3 21. Rb1 Bb4 22. Ne2 Bxe2 23. Qxe2 Rbd8 24.
Qc2 Re6 25. Rd3 Qb6 26. Rbd1 Rde8 27. Bf3 g6 28. Bg4 Rf6 29. Qb2 Kg7 30. Rc1
Re7 31. Kg2 Bd6 32. Qd2 Bb4 33. Qd1 h5 34. Be2 Re5 35. Rd4 Bc5 36. Rf4 Rfe6 37.
Qc2 Ba3 38. Rd1 Re4 39. Rxe4 Rxe4 40. Bf3 Re6 41. Qc3+ Kg8 42. Rd4 Be7 43. Ra4
Bd8 44. Qd3 a5 45. e4 {Veingold,A (2475)-Martin Gonzalez,A (2415) Benidorm
1993 1/2-1/2}) 16. Qc2 {[%emt 0:20:20]} Bb5 {[%emt 0:09:36]} 17. Nc3 {[%emt 0:
01:39]} Bxc3 {[%emt 0:00:08]} 18. bxc3 {[%emt 0:01:14]} Bc4 $15 {[%emt 0:01:22]
[%csl Ra2,Rc3][%cal Ga8b8]} 19. Ra1 {[%emt 0:00:07]} Rab8 {[%emt 0:00:05]} 20.
e4 {[%emt 0:00:07]} Qa3 $1 {[%emt 0:02:20][%cal Gb8b2]} 21. e5 {[%emt 0:08:17]}
Qb2 {[%emt 0:05:54]} (21... Rb2 22. Qc1 Reb8 $36 {[%csl Ra1,Ra2]}) 22. Qxb2 {
[%emt 0:15:35]} Rxb2 {[%emt 0:00:51]} 23. Bh3 {[%emt 0:00:06]} Bxa2 {[%emt 0:
06:07]} 24. Bd7 {[%emt 0:00:28]} Reb8 $6 {[%emt 0:00:07] Joué à tempo alors
que Re7 était plus précis} (24... Re7 $142 25. Bxc6 Rc7 {[%csl Rc3,Rc6][%cal
Gc7c3]}) 25. Bxc6 {[%emt 0:01:26]} Rd2 {[%emt 0:00:59]} 26. Rad1 {[%emt 0:00:
34]} Rbb2 {[%emt 0:00:16]} 27. Rxd2 {[%emt 0:00:09]} Rxd2 {[%emt 0:00:04][%csl
Gd2]} 28. f4 {[%emt 0:00:20]} a5 {[%emt 0:30:06]} 29. f5 {[%emt 0:01:04]} Kf8 {
[%emt 0:01:48]} 30. e6 {[%emt 0:05:55]} fxe6 {[%emt 0:00:06]} 31. Rxe6 {
[%emt 0:00:13]} Bb3 {[%emt 0:00:57]} 32. Re8+ {[%emt 0:01:37]} Kf7 {[%emt 0:00:
06]} 33. Ra8 {[%emt 0:00:02]} Ra2 {[%emt 0:00:39]} 34. Rd8 {[%emt 0:00:14]} a4
{[%emt 0:00:47]} 35. Bxd5+ $4 {[%emt 0:00:17]} Ke7 {[%emt 0:00:30][%csl Rd5,
Rd8]} (35... Ke7 36. Bxb3 axb3 37. Rb8 b2 {[%cal Ga2a1]}) 0-1

[Event "Volgograd"]
[Site "Volgograd"]
[Date "1994.??.??"]
[Round "8"]
[White "Poluljahov, Aleksandr"]
[Black "Savon, Vladimir A"]
[Result "1-0"]
[WhiteElo "2510"]
[BlackElo "2435"]
[Annotator "RR"]
[PlyCount "95"]
[EventDate "1994.??.??"]
[EventType "tourn"]
[EventRounds "13"]
[EventCountry "NED"]
[EventCategory "8"]
[SourceTitle "CBM 041"]
[Source "ChessBase"]
[SourceDate "1994.08.01"]
[SourceVersion "1"]
[SourceVersionDate "1994.08.01"]
[SourceQuality "1"]

1. d4 d5 2. Nf3 e6 3. c4 c5 4. cxd5 exd5 5. g3 Nc6 6. Bg2 Nf6 7. O-O Be7 8. Nc3
O-O 9. dxc5 Bxc5 10. b3 Bg4 11. Bb2 Re8 12. Rc1 Rc8 13. h3 Be6 14. e3 Qe7 15.
Ng5 Red8 16. Nxe6 fxe6 17. Qd3 a6 18. Kh2 Ba3 19. Bxa3 Qxa3 20. Rfd1 Rc7 21.
Qe2 Qe7 22. Qb2 Rdc8 23. Ne2 Nb4 24. Rxc7 Rxc7 25. Rd2 Rc5 26. a3 Nc6 27. Nf4
a5 28. Rd1 Nd8 29. Nd3 Rc7 30. b4 axb4 31. axb4 Nf7 32. Ra1 Rc8 33. Ra7 Nd6 34.
Nc5 Re8 35. Qe5 Nd7 36. Qb2 Nb8 37. b5 Qc7 $2 {Leaves e6 unprotected.} 38. Nxe6
$1 Qb6 $4 39. Qa2 (39. Qxg7# $142) 39... Nxb5 40. Ra8 (40. Qxd5 $2 Nxa7 41.
Ng5+ Kh8 $2 42. Nf7+ Kg8 43. Nh6+ Kh8 44. Qg8+ Rxg8 45. Nf7#) 40... Nc3 41. Qa3
Qxe6 (41... Ne4 $5 42. Nf4 $16) 42. Qxc3 Qd6 (42... Qc6 43. Qb3 Rd8 44. Rxb8 $1
Rxb8 45. Bxd5+ $18) 43. Qb3 b6 44. Qxd5+ Qxd5 45. Bxd5+ Kf8 46. Bc4 Rd8 47. Bb5
Nc6 $4 48. Bxc6 1-0